000 00663nam a22002177a 4500
005 20251108170514.0
008 250721s2003 xx 000 0 ara d
082 1 4 _aم/811.3/سعد
100 1 _aسعد، محمد أحمد
245 1 0 _aالقصائد الذهبية /
264 1 _aعمان :
_bدار الصفاء،
_c2003.
300 _a312ص.
490 0 _aموسوعة روائع الشعر العربي
500 _aيوجد نسخة في قاعة الإعارة
650 1 7 _aالشعر العربي
650 1 7 _aالموسوعات
650 1 7 _aالشعراء العرب
650 1 7 _aالتراجم
942 _2ddc
_cREF
999 _c42124
_d42124